000 00714nam a2200289Ia 4500
005 20260324132907.0
008 008 260324s9999 xx 000 0 eng d
020 _a9781315808543
037 _aEBOOK
040 _aCRL
040 _beng
040 _cCRL
041 _2eng
041 _aeng
084 _qCRL
100 _aConsuella Askew; Fred M. Heath; Martha Kyrillidou
_91191022
245 0 _aLibraries Act on Their LibQUAL+ Findings
245 0 _bFrom Data to Action
260 _bTaylor and Francis
260 _c2004
365 _a
365 _b145
856 _uhttp://www.taylorfrancis.com/books/9781315808543
942 _cEBOOK
999 _c1789545
_d1789545